000 00924nas a2200241 4500
001 BR9210578
003 BR-BrBNA
005 20231205093409.0
007 ta
008 230509b bl.|||p| |||| 00| 00por d
040 _aBR-BrBNA
_bpor
_cBiblioteca Nacional de Agricultura
041 _a(Pt)
072 _aM20
100 1 _aLopes, P.R.D.
245 1 _aNota previa sobre a alimentacao de Bathygobius soporator (Valenciennes, 1837)(Pisces, Gobiidae)na praia da Guanabara, baia de Guanabara, Rio de Janeiro
246 1 _a[Previous note about feeding of Bathygobius soporator (Valenciennes, 1837)(Pisces, Gobiidae)in Guanabara beach, Rio de Janeiro state, Brazil!
650 _aPEIXE MARINHO
650 _aNUTRICAO ANIMAL
650 _aRIO DE JANEIRO
773 0 _tRevista Unimar (Brazil)
_xISSN 0100-9351
_g(Oct 1989), v. 11(1) p. 75-81
_wBR9210578
909 _a202311
_bLúcia
_c55
_dLúcia Elande
942 _2AGRIS
_n0
_cANA
999 _c138059
_d138059